| 000 | 00957nam a2200241 a 4500 | ||
|---|---|---|---|
| 008 | 170220s2015 ||||||||||||||||| || u | ||
| 020 | _a9781452257501 | ||
| 050 | _aHD 62.4 Tho | ||
| 100 | _aThomas, David C | ||
| 245 | 1 | 0 |
_aCross-cultural management: essential concepts. (3rd edition) _cDavid C. Thomas; Mark F. Peterson |
| 250 | _a3rd ed. | ||
| 260 |
_aLondon _bSAGE Publications Ltd _c2015 |
||
| 260 |
_aLondon _bSAGE Publications _c2015 |
||
| 300 | _axx, 323p.: ill. | ||
| 350 | _a0.00 | ||
| 650 | _aINTERNATIONAL BUSINESS ENTERPRISES--MANAGEMENT | ||
| 650 | _aMANAGEMENT--CROSS-CULTURAL STUDIES | ||
| 650 | _aIntercultural communication | ||
| 650 | _aINTERNATIONAL BUSINESS ENTERPRISES--MANAGEMENT--CROSS-CULTURAL STUDIES | ||
| 650 | _aINDUSTRY | ||
| 700 | _aPeterson, Mark F | ||
| 995 |
_FCBU-MAIN LIBRARY (Kitwe) _I0.00 _M1 _UAVAILABLE _WFeb 20, 2017 _ZMain Library Open Access Collection |
||
| 999 |
_c39243 _d39243 |
||